[Event "CAN-ch U08"]
[Site "Quebec"]
[Date "2008.07.17"]
[Round "7"]
[White "Gagne, Eric"]
[Black "Seguin, Derek"]
[Result "1-0"]
[WhiteElo "951"]
[BlackElo "1027"]
[PlyCount "129"]
[EventDate "2008.07.14"]
[EventType "swiss"]
[EventRounds "7"]
[EventCountry "CAN"]
[SourceTitle "EXT 2011"]
[Source "ChessBase"]
[SourceDate "2010.11.26"]
[SourceVersion "1"]
[SourceVersionDate "2010.11.26"]
[SourceQuality "1"]

1. e4 e5 2. Nf3 Nc6 3. Nc3 Bc5 4. Bc4 Nf6 5. Ng5 0-0 6. Bxf7+ Rxf7 7. Nxf7 Kxf7 8. Nd5 Nxd5 9. exd5 Nb4 10. Qf3+ Qf6 11. Qh5+ Qg6 12. Qxg6+ hxg6 13. c3 Nc2+ 14. Kd1 Nxa1 15. d4 exd4 16. cxd4 Bxd4 17. Bf4 d6 18. Kd2 Bxf2 19. Rxa1 Bd4 20. Rf1 Bxb2 21. Be5+ Bf5 22. Bxb2 Re8 23. Bc3 c6 24. dxc6 bxc6 25. Bd4 c5 26. Bf2 c4 27. Bxa7 d5 28. Bc5 Re7 29. a4 Re6 30. a5 c3+ 31. Kxc3 d4+ 32. Kxd4 Re4+ 33. Kd5 Ra4 34. Bb6 Ra2 35. Rc1 Rxg2 36. Rc7+ Ke8 37. a6 Rd2+ 38. Bd4 Ra2 39. a7 Bh3 40. Bxg7 Bg2+ 41. Kc4 g5 42. Bh6 g4 43. Kb3 Ra6 44. Kb4 Rxh6 45. Kc3 Be4 46. Kd4 Rh7 47. Rxh7 Bxh7 48. a8Q+ Kd7 49. Qd5+ Ke7 50. Qg5+ Ke8 51. Qxg4 Bc2 52. h4 Ke7 53. Qg7+ Kd6 54. Qe5+ Kd7 55. Qb5+ Kd6 56. Qc5+ Ke6 57. Qxc2 Kf6 58. h5 Kg5 59. Qh2 Kf6 60. h6 Ke7 61. h7 Ke6 62. Qe5+ Kf7 63. h8Q Kg6 64. Qg8+ Kh6 65. Qh2# 1-0